Human Resource Management (Record no. 351673)
[ view plain ]
| 000 -LEADER | |
|---|---|
| fixed length control field | 00476nam a22001937a 4500 |
| 003 - CONTROL NUMBER IDENTIFIER | |
| control field | OSt |
| 005 - DATE AND TIME OF LATEST TRANSACTION | |
| control field | 20180116183052.0 |
| 008 - FIXED-LENGTH DATA ELEMENTS--GENERAL INFORMATION | |
| fixed length control field | 160831b xxu||||| |||| 00| 0 eng d |
| 020 ## - INTERNATIONAL STANDARD BOOK NUMBER | |
| International Standard Book Number | 9789332542198 |
| 040 ## - CATALOGING SOURCE | |
| Transcribing agency | 0 |
| 082 ## - DEWEY DECIMAL CLASSIFICATION NUMBER | |
| Classification number | 658.3 DES 2016 |
| 100 ## - MAIN ENTRY--PERSONAL NAME | |
| Personal name | Dessler,Gary |
| 245 ## - TITLE STATEMENT | |
| Title | Human Resource Management |
| Statement of responsibility, etc. | Gary Dessler |
| 250 ## - EDITION STATEMENT | |
| Edition statement | 14th ed. |
| 260 ## - PUBLICATION, DISTRIBUTION, ETC. | |
| Place of publication, distribution, etc. | Delhi |
| Name of publisher, distributor, etc. | PEARSON |
| Date of publication, distribution, etc. | 2016 |
| 300 ## - PHYSICAL DESCRIPTION | |
| Extent | 570 p. |
| Other physical details | PB |
| 440 ## - SERIES STATEMENT/ADDED ENTRY--TITLE | |
| Title | Human Resource Management |
| 942 ## - ADDED ENTRY ELEMENTS (KOHA) | |
| Source of classification or shelving scheme | |
| Koha item type | Book |
| Withdrawn status | Lost status | Source of classification or shelving scheme | Damaged status | Not for loan | Collection code | Permanent Location | Current Location | Shelving location | Date acquired | Total Checkouts | Full call number | Barcode | Date last seen | Date last checked out | Price effective from | Koha item type | Total Renewals | Checked out | Materials specified (bound volume or other part) | Public note |
|---|---|---|---|---|---|---|---|---|---|---|---|---|---|---|---|---|---|---|---|---|
| Central Library (CL) | Central Library (CL) | General Stacks | 08/31/2016 | 5 | 658.3 DES 2016 | NBS10216 | 06/22/2021 | 04/06/2021 | 08/31/2016 | Book | ||||||||||
| Central Library (CL) | Central Library (CL) | General Stacks | 08/31/2016 | 6 | 658.3 DES 2016 | NBS10213 | 05/31/2025 | 02/10/2025 | 08/31/2016 | Book | 3 | |||||||||
| Central Library (CL) | Central Library (CL) | General Stacks | 08/31/2016 | 8 | 658.3 DES 2016 | NBS10212 | 03/05/2026 | 03/05/2026 | 08/31/2016 | Book | 6 | 04/04/2026 | ||||||||
| Central Library (CL) | Central Library (CL) | General Stacks | 08/31/2016 | 4 | 658.3 DES 2016 | NBS10214 | 11/04/2020 | 01/27/2020 | 08/31/2016 | Book | 2 | |||||||||
| Central Library (CL) | Central Library (CL) | Central Superior Services | 08/31/2016 | 6 | 658.3 DES 2016 | NBS10215 | 01/19/2026 | 01/19/2026 | 08/31/2016 | CSS Corner | 6 | 02/18/2026 | CSS Corner Book | CSS Corner Book |
